Sociedades anónimas : Promoción y constitución. Acciones. Formularios /
Guardado en:
| Autor Principal: | |
|---|---|
| Formato: | Libro |
| Idioma: | Spanish |
| Publicado: |
Madrid Barcelona :
Index,
1976
|
| Edición: | 3º ed. |
| Materias: | |
| Etiquetas: |
Agregar Etiqueta
Sin Etiquetas, Sea el primero en etiquetar este registro!
|
| LEADER | 00538nam a22001695a 4500 | ||
|---|---|---|---|
| 001 | DER.der001931 | ||
| 008 | 180615s1976####sp#||||||||||||||#||spa|| | ||
| 005 | 20210519092121.0 | ||
| 245 | 1 | 0 | |a Sociedades anónimas : |b Promoción y constitución. Acciones. Formularios / |c Javier Arana Gondra |
| 250 | |a 3º ed. | ||
| 260 | |a Madrid |a Barcelona : |b Index, |c 1976 | ||
| 300 | |a 299 p. | ||
| 020 | |a 8470780874 | ||
| 100 | 1 | |a Arana Gondra, Javier | |
| 653 | |a DERECHO SOCIETARIO | ||
| 653 | |a SOCIEDADES ANONIMAS | ||
| 859 | |a DERECHO |b BIB. DERECHO |h 346.06 |i ARA |p 004045 | ||
